000 00692nam a2200265Ia 4500
003 OSt
005 20221006140826.0
006 a|||||r|||| 00| 0
007 ta
008 221006b |||||||| |||| 00| 0 eng d
020 _c
_24.95
024 _a726
037 _b8530, 12/02/2001, S B D
_cTextual
040 _aEASL
_cEASL
_beng
041 _2eng
_aeng
082 _aW.42.N9, P1
100 _aHAYES Louis D
245 0 _aIntroduction to Japanese politics
250 _a3rd
260 _aArmonk
_bM. E. Sharpe
300 _a386p.
_ccm.
490 _v JEL
942 _hW.42.N9, P1
_cTEXL
_2CC
999 _c1068812
_d1068812